Constitution of the Kingdom of Thailand: B. E. 2550

Saved in:
Bibliografiske detaljer
Format: Bog
Sprog:engelsk
Udgivet: Office of the Constitutional Court 2007
Udgivelse:1a. ed
Fag:
Tags: Tilføj Tag
Ingen Tags, Vær først til at tagge denne postø!

MARC

LEADER 00000cam a2200000 a 4500
001 UCE1479
003 CL-VaPUC
008 140414e20070000th |||||||||||||||||eng|d
082 0 4 |a 342.9593  |b CON  |2 21 
245 1 0 |a Constitution of the Kingdom of Thailand: B. E. 2550 
250 |a 1a. ed 
300 |a 207 p 
942 |c BK 
945 |d 20140414  |a dcastane 
260 |b Office of the Constitutional Court  |c 2007 
650 0 |a Constitución política  |9 336925 
651 7 |a TAILANDIA  |2 CL-VaPUC  |9 356078 
583 |a last modification  |c 20140424 12:40:35  |k Rodrigo Vera 
999 |c 355258  |d 355256 
952 |0 0  |1 0  |3 erb  |4 0  |6 342_959300000000000_CON_2007  |7 0  |8 A  |9 461840  |a BIBDER  |b BIBDER  |i 5067758  |o 342.9593 CON 2007  |p 5067758  |r 2023-01-25  |w 2019-11-23  |y BK  |z Catalogado en:20140414  |k DER